000 01099nam a2200325 c 4500
003 BLK
005 20231229005237.0
008 180409b bul|||||r ||||||| ||bul||
010 _aKNG00103720000
040 _aBLK
041 _aBUL
_cBUL
080 _aАмериканска литература (на САЩ)
_b821.111(73)
_x-31
_z821.111(73)-31
100 _aКинг, Стивън
_9371799
700 1 _aМанова, Вихра Иванова
_eпрев. от англ.
_9363510
139 _aКинг, Стивън
_bК 54
245 1 0 _aЖивата факла
_bРоман
_cСтивън Кинг; прев. от англ. Вихра Иванова Манова.
257 _aUSA
260 София
_bНар. култура
_c1989
300 _a448 с.
_c20 см
380 _aX
500 _aОриг. загл. Fire-starter / Stephen King.
653 _aхорър
653 _aромани
852 _aЦб 156284
856 4 _qpdf
_u
856 4 _qpdf
_u
942 _cKNG
_n0
_03
944 _aCR
_c01.01.1999
_lCRON CRON
_k
944 _aED
_c18.11.2011
_lф /
_k
999 _c98769
_d98769